| 000 | 01067cab a2200229 4500 | ||
|---|---|---|---|
| 001 | ABS38796 | ||
| 008 | 090401t1988 xxu||||| |||| 00| 0 eng d | ||
| 035 | _a(Sirsi) u12422 | ||
| 041 | _aeng | ||
| 100 | _aCooke-Priest, P. | ||
| 245 | _aImproving compensation provisions | ||
| 260 | _c1988 | ||
| 350 | _a0 | ||
| 490 |
_aEstates Gazette _v(8807) 20 February 1988, 66-67(2) |
||
| 520 | _aDiscusses the effect of proposals for the development of a motorway on the value of residential property along the proposed route and suggests that the concerted opposition to motorway plans stems from the inadequacy of the present law on compensation provisions for compulsory purchase. Considers prospects for those who do not qualify under blight notice provisions and concludes by suggesting remedies. | ||
| 650 | _aCOMPULSORY PURCHASE ACT 1965 | ||
| 650 | _aLAND COMPENSATION ACT 1973 | ||
| 650 | _aPLANNING BLIGHT | ||
| 690 | _aENVIRONMENTAL AND LAND CONSULTANCY-PLANNING AND DEVELOPMENT-COMPULSORY PURCHASE AND COMPENSATION | ||
| 942 | _n0 | ||
| 948 | _c04/03/1997 | ||
| 999 |
_c7939 _d7939 |
||